LEADER 01088nam0-2200385---450- 001 990005560020403321 005 20160412094123.0 035 $a000556002 035 $aFED01000556002 035 $a(Aleph)000556002FED01 035 $a000556002 100 $a19990604d1967----km-y0itay50------ba 101 0 $aita 102 $aIT 105 $ay-------001yy 200 1 $a<>idea di nazione$fFederico Chabod$ga cura di Armando Saitta ed Ernesto Sestan 210 $aBari$cLaterza$d1967 215 $a197 p.$d18 cm 225 1 $aUniversale Laterza$v54 610 0 $aNazione$aConcetto$aStoria 676 $a320.1$v21$zita 676 $a940.1 676 $a909 700 1$aChabod,$bFederico$f<1901-1960>$0138093 702 1$aSaitta,$bArmando$f<1919-1991> 702 1$aSestan,$bErnesto$f<1898-1986> 801 0$aIT$bUNINA$gRICA$2UNIMARC 901 $aBK 912 $a990005560020403321 952 $a320.1 CHA 1$bST.MED.MOD. 2458$fFLFBC 952 $aXXVIII 865$b326$fDDCIC 959 $aFLFBC 959 $aDDCIC 996 $aIdea di nazione$9554281 997 $aUNINA LEADER 00898nam0-2200313---450- 001 990008308690403321 005 20060406122800.0 010 $a0-471-54411-6 035 $a000830869 035 $aFED01000830869 035 $a(Aleph)000830869FED01 035 $a000830869 100 $a20060406d1991----km-y0itay50------ba 101 0 $aeng 102 $aUS 105 $aa-------001yy 200 1 $aIntroduction to stereochemistry and conformational analysis$fEusebio Juaristi 210 $aNew York$cJohn Wiley & Sons$d1991 215 $a331 p.$d23 cm 610 0 $aStereochimica 676 $a541.223 700 1$aJuaristi,$bEusebio$0500188 801 0$aIT$bUNINA$gRICA$2UNIMARC 901 $aBK 912 $a990008308690403321 952 $a80 XI 80 CFT (2)$bCFT$fFFABC 959 $aFFABC 996 $aIntroduction to stereochemistry and conformational analysis$9745750 997 $aUNINA LEADER 00807nam0-22002771i-450- 001 990006688950403321 005 20001010 035 $a000668895 035 $aFED01000668895 035 $a(Aleph)000668895FED01 035 $a000668895 100 $a20001010d--------km-y0itay50------ba 101 0 $aita 105 $ay-------001yy 200 1 $aAmadeo Bordiga$ecapitalismo sovietico e comunismo. Con una bibliografia completa degli scritti di Bordiga dal 1945 al 1970$fLiliana Grilli 210 $aMilano$cLa Pietra$d1982 215 $a22 cm pp. 294 700 1$aGrilli,$bLiliana$0249449 801 0$aIT$bUNINA$gRICA$2UNIMARC 901 $aBK 912 $a990006688950403321 952 $aXI A 1058$b20252$fFSPBC 959 $aFSPBC 996 $aAmadeo Bordiga$933360 997 $aUNINA DB $aGEN01